[Event "Steiermark-ch"]
[Site "Hartberg"]
[Date "2008.08.21"]
[Round "2.6"]
[White "Kastner, Walter"]
[Black "Riedner, Martin"]
[Result "0-1"]
[WhiteElo "2225"]
[BlackElo "2139"]
[PlyCount "64"]
[EventDate "2008.08.21"]
[EventType "swiss"]
[EventRounds "8"]
[EventCountry "AUT"]
[SourceTitle "EXT 2024"]
[Source "ChessBase"]
[SourceDate "2023.10.10"]
[SourceVersion "1"]
[SourceVersionDate "2023.10.10"]
[SourceQuality "1"]

1. Nf3 d6 2. e4 Nf6 3. Nc3 g6 4. d4 Bg7 5. Be3 Bg4 6. h3 Bxf3 7. Qxf3 Nbd7 8. 0-0-0 Qc8 9. g4 0-0 10. Qg2 c5 11. d5 a6 12. f4 b5 13. Ne2 Nb6 14. Ng3 Na4 15. Rg1 Nd7 16. e5 dxe5 17. Nf5 Re8 18. Nxg7 Kxg7 19. f5 c4 20. Qf2 Ndc5 21. Kb1 Ne4 22. Qe1 Nd6 23. Qh4 Qd8 24. Bg2 Rb8 25. Rdf1 g5 26. Qxg5+ Kh8 27. f6 exf6 28. Rxf6 b4 29. Qh6 Nc3+ 30. bxc3 bxc3+ 31. Ka1 Rb2 32. Bc5 Qa5 0-1

[Event "AUT-ch qual"]
[Site "Leoben"]
[Date "2008.07.26"]
[Round "8.3"]
[White "Riedner, Martin"]
[Black "Schein, Karl Heinz"]
[Result "0-1"]
[WhiteElo "2139"]
[BlackElo "2193"]
[PlyCount "160"]
[EventDate "2008.07.19"]
[EventType "swiss"]
[EventRounds "9"]
[EventCountry "AUT"]
[SourceTitle "EXT 2024"]
[Source "ChessBase"]
[SourceDate "2023.10.10"]
[SourceVersion "1"]
[SourceVersionDate "2023.10.10"]
[SourceQuality "1"]

1. c4 e5 2. g3 Nf6 3. Bg2 Nc6 4. Nc3 Bb4 5. Nd5 Bc5 6. e3 Nxd5 7. cxd5 Ne7 8. d4 exd4 9. exd4 Bd6 10. Ne2 0-0 11. 0-0 b6 12. Nc3 Bb7 13. Re1 c6 14. Bg5 f6 15. Qb3 Kh8 16. Ne4 Bb8 17. d6 Nf5 18. Bf4 Nxd4 19. Qd3 Ne6 20. b4 a5 21. b5 cxb5 22. Bc1 f5 23. Nc3 Bxg2 24. Kxg2 Qc8 25. Nxb5 Qc6+ 26. f3 Nc5 27. Qd4 Ne6 28. Rxe6 dxe6 29. Bb2 Rg8 30. Rc1 Qd7 31. a4 h6 32. Rc2 Kh7 33. Qxb6 e5 34. Bxe5 Qe6 35. Qd4 Qb3 36. Rb2 Qe6 37. Rd2 Qd7 38. Qd3 Ba7 39. Nc7 Rab8 40. Nb5 Bc5 41. h4 Rbe8 42. Qd5 Bb6 43. f4 Rc8 44. Nc7 Qxa4 45. d7 Rcd8 46. Ne6 Qe4+ 47. Qxe4 fxe4 48. Rd6 Rb8 49. Rc6 Rb7 50. Rxb6 Rxb6 51. d8Q Rxd8 52. Nxd8 a4 53. Kf2 Rb3 54. Ne6 a3 55. Nxg7 a2 56. Ne6 Rb5 57. Bc3 Rb3 58. Be5 Rf3+ 59. Kg2 Rb3 60. h5 Rb5 61. Bd4 Rxh5 62. g4 Rd5 63. Bc3 Rd2+ 64. Kf1 e3 65. Nd4 Rf2+ 66. Ke1 Rxf4 67. Nf5 Rxg4 68. Nxe3 Rg1+ 69. Nf1 Rg2 70. Ne3 Rh2 71. Bd4 h5 72. Be5 Rh1+ 73. Nf1 h4 74. Kf2 Rh3 75. Ne3 Kg6 76. Nc2 Kf5 77. Bd6 Rd3 78. Bb4 Ke4 79. Ke2 h3 80. Kf2 Rb3 0-1

[Event "AUT-ch qual"]
[Site "Leoben"]
[Date "2008.07.24"]
[Round "6.3"]
[White "Riedner, Martin"]
[Black "Sadilek, Peter"]
[Result "1-0"]
[WhiteElo "2139"]
[BlackElo "2190"]
[PlyCount "83"]
[EventDate "2008.07.19"]
[EventType "swiss"]
[EventRounds "9"]
[EventCountry "AUT"]
[SourceTitle "EXT 2024"]
[Source "ChessBase"]
[SourceDate "2023.10.10"]
[SourceVersion "1"]
[SourceVersionDate "2023.10.10"]
[SourceQuality "1"]

1. c4 Nf6 2. g3 e6 3. Bg2 c5 4. Nf3 d5 5. 0-0 Be7 6. b3 0-0 7. Bb2 Nc6 8. d3 b6 9. Nbd2 Bb7 10. a3 Rc8 11. Qc2 Rc7 12. Rad1 Qa8 13. e4 dxe4 14. dxe4 Nd7 15. Nb1 Bf6 16. Bxf6 gxf6 17. Nc3 Nde5 18. Nh4 Nd4 19. Qd2 Rd7 20. Qh6 Qd8 21. Nd5 Ng6 22. Ne3 Kh8 23. b4 Rg8 24. Kh1 Qa8 25. f3 Qd8 26. Ng4 Rg7 27. Rd3 f5 28. exf5 exf5 29. Rxd4 fxg4 30. Nf5 Rg8 31. Rxg4 cxb4 32. axb4 Rd1 33. Qe3 f6 34. h4 Rxf1+ 35. Bxf1 Qd1 36. Kg2 Nxh4+ 37. Rxh4 Qc2+ 38. Be2 Qxf5 39. Bd3 Bxf3+ 40. Qxf3 Qxf3+ 41. Kxf3 Rd8 42. Bf5 1-0

[Event "AUT-ch qual"]
[Site "Leoben"]
[Date "2008.07.22"]
[Round "4.8"]
[White "Riedner, Martin"]
[Black "Schweitzer, Werner"]
[Result "1-0"]
[WhiteElo "2139"]
[BlackElo "1991"]
[PlyCount "77"]
[EventDate "2008.07.19"]
[EventType "swiss"]
[EventRounds "9"]
[EventCountry "AUT"]
[SourceTitle "EXT 2024"]
[Source "ChessBase"]
[SourceDate "2023.10.10"]
[SourceVersion "1"]
[SourceVersionDate "2023.10.10"]
[SourceQuality "1"]

1. Nf3 f5 2. d3 d6 3. e4 e5 4. Nc3 Nf6 5. exf5 Bxf5 6. d4 e4 7. Nh4 Bg4 8. Be2 Be6 9. d5 Bf7 10. Nf5 Nbd7 11. Qd4 Bg6 12. Nh4 Bf7 13. Nf5 Bg6 14. Ng3 Be7 15. Ncxe4 0-0 16. Ng5 Nc5 17. 0-0 h6 18. Ne6 Nxe6 19. dxe6 Bxc2 20. Bd3 Bxd3 21. Qxd3 Nh7 22. f4 d5 23. Be3 c6 24. Rae1 Qc7 25. Nf5 Nf6 26. Bd4 Ne4 27. Nxg7 Rxf4 28. Nf5 Bg5 29. e7 Rxf1+ 30. Qxf1 Qf4 31. Qxf4 Bxf4 32. g3 Bd2 33. Rxe4 dxe4 34. Nd6 Bb4 35. e8Q+ Rxe8 36. Nxe8 Kf7 37. a3 Bf8 38. Nc7 Ke7 39. Bc5+ 1-0